Makroekonomický vývoj slovenskej ekonomiky v transformačnej dekáde
Enregistré dans:
| Auteur principal: | |
|---|---|
| Autres auteurs: | |
| Format: | Chapitre de livre |
| Langue: | slovaque |
| Tags: |
Pas de tags, Soyez le premier à ajouter un tag!
|
MARC
| LEADER | 00000naa$a2200000$$$4500 | ||
|---|---|---|---|
| 001 | 0062913 | ||
| 005 | 20240502071721.2 | ||
| 041 | 0 | |a slo | |
| 044 | |a SK | ||
| 245 | 1 | 0 | |a Makroekonomický vývoj slovenskej ekonomiky v transformačnej dekáde |c Vieroslava Holková, Alexandra Veselková |
| 100 | 1 | |a Holková, Vieroslava | |
| 700 | 1 | |a Veselková, Alexandra | |